Data Communications and Distributer Networks (Record no. 66)

MARC details
000 -LEADER
fixed length control field 00387nam a22001577a 4500
005 - DATE AND TIME OF LATEST TRANSACTION
control field 20211210121115.0
008 - FIXED-LENGTH DATA ELEMENTS--GENERAL INFORMATION
fixed length control field 160426b xxu||||| |||| 00| 0 eng d
020 ## - INTERNATIONAL STANDARD BOOK NUMBER
ISBN 81-203-0925-1
041 ## - LANGUAGE CODE
Language code of text/sound track or separate title eng
082 ## - DEWEY DECIMAL CLASSIFICATION NUMBER
Item number 00187
100 ## - MAIN ENTRY--AUTHOR NAME
Personal name Black, Uyless D.
245 ## - TITLE STATEMENT
Title Data Communications and Distributer Networks
260 ## - PUBLICATION, DISTRIBUTION, ETC. (IMPRINT)
Place of publication New Delhi
Name of publisher PHI Pvt Ltd.
Year of publication 2001
300 ## - PHYSICAL DESCRIPTION
Number of Pages 426
942 ## - ADDED ENTRY ELEMENTS (KOHA)
Koha item type Books
Holdings
Lost status Damaged status Collection code Home library Current library Shelving location Date acquired Source of acquisition Cost, normal purchase price Full call number Accession Number Koha item type
    CS/IT JRU Library JRU Library SHELF-49-H 26/04/2016 PURCHASE 195.00 004.62 00187 Books